Statistics for Fleetwood Mac Charting Songs (Billboard Hot 100)

Click here to take the quiz!

General Stats

  • This quiz has been taken 17 times
    (13 since last reset)
  • The average score is 12 of 25

Answer Stats

AlbumWeeks OnPeakArtist(s)Song% Correct
TUSK15 Weeks#8Fleetwood MacTUSK
91%
Fleetwood Mac18 Weeks#11Fleetwood MacRhiannon
91%
Rumours23 Weeks#1 (1 Week)Fleetwood MacDreams
82%
Rumours18 Weeks#3Fleetwood MacDon't Stop
82%
TUSK14 Weeks#7Fleetwood MacSara
82%
Rumours15 Weeks#10Fleetwood MacGo Your Own Way
82%
Mirage14 Weeks#12Fleetwood MacGypsy
64%
Rumours14 Weeks#9Fleetwood MacYou Make Loving Fun
64%
Tango in the Night13 Weeks#19Fleetwood MacSeven Wonders
55%
Tango in the Night18 Weeks#18Fleetwood MacEverywhere
55%
Tango in the Night16 Weeks#5Fleetwood MacBig Love
55%
Mirage17 Weeks#4Fleetwood MacHold Me
55%
Tango in the Night21 Weeks#4Fleetwood MacLittle Lies
55%
Fleetwood Mac19 Weeks#11Fleetwood MacSay You Love Me
45%
The Dance20 Weeks#51Fleetwood MacLandslide
45%
Say You Will11 Weeks#80Fleetwood MacPeacekeeper
36%
TUSK3 Weeks#86Fleetwood MacSisters of the Moon
36%
TUSK13 Weeks#20Fleetwood MacThink About Me
27%
Tango in the Night4 Weeks#90Fleetwood MacFamily Man
27%
Mirage14 Weeks#22Fleetwood MacLove in Store
18%
Greatest Hits14 Weeks#43Fleetwood MacAs Long As You Follow
18%
Live8 Weeks#60Fleetwood MacFireflies
18%
Fleetwood Mac14 Weeks#20Fleetwood MacOver My Head
9%
Behind the Mask11 Weeks#33Fleetwood MacSave Me
9%
Non-Album Single10 Weeks#55Fleetwood MacOh Well - Pt. 1
0%

Score Distribution

Percentile by Number Answered

Percent of People with Each Score

Your Score History

You have not taken this quiz since the last reset